Exploring political ecology : (Record no. 1430670)
[ view plain ]
| 000 -LEADER | |
|---|---|
| fixed length control field | 01971nam a2200205Ia 4500 |
| 005 - DATE AND TIME OF LATEST TRANSACTION | |
| control field | 20250605092955.0 |
| 008 - FIXED-LENGTH DATA ELEMENTS--GENERAL INFORMATION | |
| fixed length control field | 008 250516s9999 xx 000 0 eng d |
| 020 ## - INTERNATIONAL STANDARD BOOK NUMBER | |
| International Standard Book Number | 9781032799070 |
| 040 ## - CATALOGING SOURCE | |
| Original cataloging agency | SDCL |
| Language of cataloging | eng |
| Transcribing agency | SDCL |
| 041 ## - LANGUAGE CODE | |
| Language code of text/sound track or separate title | eng |
| Source of code | eng |
| 084 ## - COLON CLASSIFICATION NUMBER | |
| Classification number | V:(G:55) R5 |
| Assigning agency | SDCL |
| 100 ## - MAIN ENTRY--PERSONAL NAME | |
| Personal name | Alexander, M. Ervin |
| 9 (RLIN) | 810147 |
| 245 #0 - TITLE STATEMENT | |
| Title | Exploring political ecology : |
| Remainder of title | Issues, problems, and solutions to the climate change crisis |
| 260 ## - PUBLICATION, DISTRIBUTION, ETC. | |
| Place of publication, distribution, etc. | New York : |
| Name of publisher, distributor, etc. | Routledge, |
| Date of publication, distribution, etc. | 2025. |
| 300 ## - PHYSICAL DESCRIPTION | |
| Extent | xi, 255p. |
| 365 ## - TRADE PRICE | |
| Price type code | UKP |
| Price amount | 36.99 |
| 520 ## - SUMMARY, ETC. | |
| Summary, etc. | This book explores some of the conditions and underlying causes of the multiple environmental crises facing humanity. Rooted in anthropology, but multidisciplinary in scope, it surveys the many socio-cultural and socio-economic errors, foibles, and follies that brought us to these circumstances. Crucially and uniquely, it outlines an array of viable and practical solutions, some of which are radically different from the current status quo and cultural expectations. The first chapter canvasses the emerging, interdisciplinary field of political ecology, then Part I examines details and trends in agriculture. Part II portrays the threats posed by carbon dependent and combustive technologies as well as the hydro and nuclear energy systems now powering the majority of human actions in developed parts of the world and expanding beyond. The third part turns to consider solutions, including green new deals, de-growth policies, localization, agroecology, alternative energy systems, and many more possibilities. The conclusions engage with urgent moral and legal issues and outline social movement strategies—all related to our collective neglect of climate change—and then finally speculate upon possible futures. This book is key reading for researchers and students interested in climate change across the social and physical sciences and humanities. |
| 650 ## - SUBJECT ADDED ENTRY--TOPICAL TERM | |
| Topical term or geographic name entry element | Environmental History |
| 9 (RLIN) | 811796 |
| 942 ## - ADDED ENTRY ELEMENTS (KOHA) | |
| Koha item type | Textual |
| Source of classification or shelving scheme | Colon Classification (CC) |
| Suppress in OPAC | No |
| Withdrawn status | Lost status | Source of classification or shelving scheme | Damaged status | Not for loan | Home library | Current library | Date acquired | Source of acquisition | Inventory number | Total Checkouts | Full call number | Barcode | Date last seen | Price effective from | Koha item type |
|---|---|---|---|---|---|---|---|---|---|---|---|---|---|---|---|
| Colon Classification (CC) | South Campus Library | South Campus Library | 2025-05-22 | Shivam Book Service | 111, 30/12/2024 | V:(G:55) R5 | SC1690836 | 2025-05-22 | 2025-05-22 | Textual |
